| 000 | 00566nam a2200193Ia 4500 | ||
|---|---|---|---|
| 008 | 160319s9999 xx 000 0 und d | ||
| 245 | _aMusic together songs : | ||
| 245 | _bDrum collection / | ||
| 245 | _cCenter for Music and Young Children (Princeton, N.J.) | ||
| 260 | _bCenter Music and Young Children | ||
| 300 | _a1 sound disc : | ||
| 300 | _bdigital : | ||
| 300 | _c4 3/4 in. | ||
| 650 | _aChildren's songs. | ||
| 650 | _aEarly childhood education -- | ||
| 650 | _aMusic -- | ||
| 650 | _xActivity programs. | ||
| 650 | _xInstruction and study. | ||
| 999 |
_c292774 _d292774 |
||